Statistiques concernant Les pays d'Europe les plus méridionaux

Cliquez ici pour prendre le quiz!

Statistiques générales

  • Ce quiz a été pris 4,296 fois
    (912 depuis la dernière actualisation)
  • Le résultat moyen est 8 sur 10

Statistiques - réponses

Latitude Pays % Correct
34°49'NGrèce
99%
35°30'NItalie
98%
36°00'NEspagne
98%
36°57'NPortugal
96%
35°47'NMalte
93%
40°34'NAlbanie
87%
40°52'NMacédoine du Nord
81%
41°15'NBulgarie
80%
40°02′NTurquie
68%
41°11'NRussie
38%

Distribution des résultats

Percentile by Number Answered

% des personnes avec chaque résultat

Votre développement - résultats

Vous n’avez pas pris ce quiz depuis la dernière actualisation